000 01077nam a2200253 a 4500
001 BRCA_1129
005 20190320203307.0
008 931112s1993 mx-a---##b---#000-0#spa-#
020 _a9686191437
040 _aDLC
_cDLC
050 4 _aND813
_b.V35 1993
100 1 _aValdés Leal, Juan de
_d1622-1690
_93720
245 1 0 _aJuan de Valdés Leal y el arte sevillano del barroco
_ccoordinación, investigación, revisión, edición y cuidado de la publicación, Lucía García-Noriega y Nieto ... [et al.].
260 _aMéxico
_bCentro Cultural Arte Contemporáneo
_c1993
300 _a340 p.
_bil. (algunas a color)
_c29 cm.
500 _aCatálogo de la exposición realizada del 5 agosto - 5 diciembre, 1993.
504 _aBibliografía: p. 327-333
600 1 4 _aValdés Leal, Juan de
_d1622-1690
_vExposiciones
_93721
650 1 4 _aArte barroco
_vExposiciones
_zEspaña
_93722
650 1 4 _aArte español
_vExposiciones
_zEspaña
_93723
700 1 _aGarcía-Norgiega y Nieto, Lucía
_93724
710 2 _aCentro Cultural/Arte Contemporáneo (México)
_93725
942 _2lcc
_cB
999 _c1007
_d1007